000 00358nam a22001697a 4500
003 UA-OsUOA
001 3100
007 ta
008 20050721b un ||||| |||| 00| 0 ukr d
100 _aHionides
700 _aHarry T.
942 _cBK
040 _aUA-OsUOA
_cUA-OsUOA
_dUA-OsUOA
245 _aGreek dictionary.
_bDictionary
955 _a2
650 7 _2UDC
999 _c289262
_d289262